Quizzes
Events
Quiz Creation
Community
Videos
Private Events
Remove Ads
Sign In
Join for FREE
Feedback
Dark Mode
Quiz Categories
Sports
Geography
Music
Movies
Television
Just For Fun
Miscellaneous
History
Literature
Language
Science
Gaming
Entertainment
Religion
Holiday
For Kids
Quiz Lab
Recent
Popular Today
Quiz Kudos Today
Editor Picks
Curator Picks
Quizzes by...
Day
Popularity
Type
Ratings
Length
Year
Community
Subscriptions
Recent Discussions
Orange Saloon
Badges
Playlists
Quests
Create
Leaderboards
Showdown
Live 5
Trivia Bingo
Activity
Puzzle Library
Sporcle Events
Private Events
Virtual Trivia
Globe League
Become a Host
Pub Owners
SporcleCon
Opinionation
Our Games
Videos
Blog
Mobile Apps
Partnerships
Remove Ads and Go Orange
Feedback
Miscellaneous
Crossword
General Knowledge
Baby Names
Logo
Food
Cars
Numbers
Grab Bag
University
College
Popular
Company
Slogans
Restaurants
Justice
Letter
Miscellaneous
Crossword
General Knowledge
Baby Names
Logo
Food
Cars
Numbers
Grab Bag
University
College
Popular
Company
Slogans
Restaurants
Justice
Letter
Random Quiz
Search Sporcle
×
Quiz Lab
Quiz Lab
Miscellaneous
Football
Type in answers that appear in a list
Type in answers that appear in a list
Classic
Best Score? Go Orange.
French First Names Stats
Can you name the most popular boys names in France?
By
AndreSagarro
10m
40 Questions
817 Plays
817 Plays
817 Plays
Comments
Comments
Give Quiz Kudos
Give Quiz Kudos
-
- Ratings
hide this ad
More Info
Replay
Link that replays current quiz
Next Quiz
Link to next quiz in quiz playlist
You Got
0%
They Got
Avg Score
24%
Avg Friend Score
Upgrade to see
Score Distribution
Jump to the score distribution portion of the page
Score
0/40
Timer
10:00
0
Plays Today
Position
Name
% Correct
34
Pierre
77.2%
24
Paul
63.7%
11
Louis
49%
10
Thomas
47%
29
Nicolas
44.7%
21
Alexandre
42.7%
19
Antoine
38.9%
37
Mathieu
36.4%
3
Lucas
35.2%
33
Julien
34.8%
15
Leo
33.7%
4
Hugo
29%
7
Theo
27.5%
36
Benjamin
27.1%
26
Jules
25.8%
1
Enzo
22.5%
6
Nathan
21.7%
12
Maxime
21.3%
14
Tom
20.9%
32
Gabriel
20.2%
Position
Name
% Correct
27
Arthur
20%
13
Romain
19.9%
8
Noah
18.7%
20
Raphael
18%
23
Quentin
17.4%
22
Clement
16.4%
40
Adrien
16%
17
Alexis
15.5%
18
Baptiste
14.1%
9
Matteo
13.6%
2
Mathis
12.5%
35
Ethan
12.3%
30
Valentin
11.5%
38
Dylan
10.1%
31
Evan
9.3%
25
Axel
9.1%
28
Maxence
8.8%
5
Matheo
8.2%
39
Kylian
6.6%
16
Yanis
4.7%
Quiz Playlist
Details
Report
Send in Message
Add To Playlist
More Info:
Data from 2006. Accents not necessary.
Classic:
Type in answers that appear in a list
Quiz Source
Last Updated: Feb 16, 2017
Quiz Scoreboard
CHALLENGE
Sign Up to Join the Scoreboard
Show All
Scores
Hide
Comments
May contain spoilers
Recently Published
Pick 6: Fruits
by JohnFran
Miscellaneous
15s
Click the 1999 NBA Draft
by nibperrychub
Sports
2m
Alphabetical 'K' Countries by Flag Minefield
by ylime102
Geography
3m
More to Explore
Quiz From the Vault
Featured Blog Post
15 Basketball Trivia Facts You Can Be March Mad About
hide this ad
You Might Also Like...
Tags
Football Quiz
French Quiz
Popular Quiz
Boy
France
Today's Top Quizzes in Miscellaneous
Browse Miscellaneous
hide this ad
Today's Top Quizzes in Football
Browse Football
Top Contributed Quizzes in Miscellaneous
1
Spring Months consonants
2
Pick 6: Vegetables
3
Pick 6: Supreme Pizza
4
The JOE quick-fire general knowledge quiz: Day 166
5
Four Seasons
6
Pick 6: University Mascots
7
The JOE quick-fire general knowledge quiz: Day 165
8
Guess the 'S' Things in 3 Words
9
Sporcle Acrostic Puzzle XXXV
10
Guess the 'T' Things in 3 Words
Explore More
Trending Topics
Harry Potter
Marvel
Crossword
NBA
Disney
Anime
Kpop
Song
Country
Pokémon
Puzzle
The Office
Soccer
WWE
NFL
hide this ad
More By:
AndreSagarro
Quiz
Plays
Rating
Category
Featured
Created
UK County Towns
5,607
4.00
Geography
Feb 12, 2010
French First Names
817
3.00
Miscellaneous
Apr 11, 2010
The Condiment Quiz
697
2.33
Miscellaneous
Feb 12, 2010
Longest English Rivers
446
3.50
Geography
Feb 12, 2010
Elements Jumble
259
4.17
Science
Feb 18, 2010
Go to Creator's Profile
Score Distribution
Quiz Creator Spotlight
AndreSagarro
Follow
Send a Message
Quizzes Created
-
Created Quiz Play Count
-
More By This Creator
Popular Quizzes Today
1
Countries of Asia Without Outlines Minefield
2
Find the US States - No Outlines Minefield
3
Pick 6: Fruits
4
Alphabetical 'K' Countries by Flag Minefield
5
The Countries of the World
6
Find the US States
7
US States
8
Find the Countries of Europe - No Outlines Minefield
More Miscellaneous Quizzes
Symmetric Crossword XIII
Published
Trending Quizzes
Pick 6: Mountains
Pick 6: Harry Potter
Pick 6: Flags
Pick 6: NFL Teams
Pick 6: Movie Franchises
Recently Updated
NWSL Teams
pecheneg
Women's Final Four Teams by Year
bhenderson79
Presidents Quartet II
eogle
Anything But Clue(do)
eogle
Anything But Oceanian Capitals
eogle
Anything But 7
eogle
Anything But Thing
eogle
Word Ladder: February 29
pecheneg
Song Title Questions
pecheneg
Women's NCAA Tournament #1 Seeds
pecheneg
Trending Topics
Marvel
Disney
Anime
Harry Potter
Crossword
Kpop
NBA
Song
Pokémon
Puzzle
The Office
WWE
Soccer
Country
NFL
Your Account Isn't Verified!
In order to create a playlist on Sporcle, you need to verify the email address you used during registration. Go to your
Sporcle Settings
to finish the process.
Report this User
Report this user for behavior that violates our
Community Guidelines
.
Details:
Send Report
Go to the Sporcle.com Mobile Site →
Comments